Born in Germany, Who Am I ? - Statistics

General Stats
  • This quiz has been taken 138 times
  • The average score is 9 of 15
Answer Stats
Date of Birth Place of Birth Person Occupation % Correct
Jun 1929 Frankfurt Anne {Frank} Diarist
94%
Jun 1973 Bergisch-Gladbach Heidi {Klum} Model
92%
Jun 1969 Mannheim Steffi {Graf} Tennis Player
85%
Jan 1969 Hurth Michael {Schumacher} Racing Driver
78%
Mar 1955 Idar-Oberstein Bruce {Willis} Actor
77%
Jul 1885 Metzingen Hugo {Boss} Designer
77%
Aug 1971 Rheinberg Claudia {Schiffer} Supermodel
76%
Dec 1901 Schoneberg Marlene {Dietrich} Singer / Actress
72%
Sep 1945 Munich Franz {Beckenbauer} Soccer Player / Manager
69%
Mar 1834 Schorndorf Gottlieb {Daimler} Engineer
45%
Apr 1858 Kiel Max {Planck} Theoretical Physicist
44%
Mar 1911 Gunzburg Josef {Mengele} War Criminal
28%
May 1959 Frankfurt Nicole {Brown}-{Simpson} Wife / Victim
19%
Apr 1929 Berlin Andre {Previn} Pianist / Conductor
17%
Oct 1948 Heidelberg Jackson {Browne} Singer / Songwriter
12%
No matching quizzes found
Score Distribution
Percent of People with Each Score
Percentile by Number Answered
Your Score History
You have not taken this quiz